<?xml version="1.0" encoding="UTF-8"?>
<record
    xmlns:xsi="http://www.w3.org/2001/XMLSchema-instance"
    xsi:schemaLocation="http://www.loc.gov/MARC21/slim http://www.loc.gov/standards/marcxml/schema/MARC21slim.xsd"
    xmlns="http://www.loc.gov/MARC21/slim">

  <leader>00862nam a2200229Ia 4500</leader>
  <controlfield tag="001">3364</controlfield>
  <controlfield tag="003">GE_BSU</controlfield>
  <controlfield tag="008">181216s||||||||xx |||||||||||||| ||und||</controlfield>
  <datafield tag="040" ind1=" " ind2=" ">
    <subfield code="c">GE_BSU</subfield>
  </datafield>
  <datafield tag="080" ind1=" " ind2=" ">
    <subfield code="a">628.1/2(035.3)</subfield>
  </datafield>
  <datafield tag="100" ind1=" " ind2=" ">
    <subfield code="a">&#x41F;&#x435;&#x440;&#x435;&#x432;&#x448;&#x438;&#x43A;&#x438;&#x43D; &#x410;.&#x41A;. &#x410;&#x43B;&#x435;&#x43A;&#x441;&#x430;&#x43D;&#x434;&#x440;&#x43E;&#x432;,&#x410;.&#x410;. &#x414;&#x430;&#x43B;&#x43C;&#x430;&#x442;&#x43E;&#x432;&#x430;, &#x41D;.&#x42F;. &#x438; &#x434;&#x440;.</subfield>
  </datafield>
  <datafield tag="245" ind1=" " ind2=" ">
    <subfield code="a">&#x41C;&#x43E;&#x43D;&#x442;&#x430;&#x436; &#x441;&#x438;&#x441;&#x442;&#x435;&#x43C; &#x432;&#x43D;&#x435;&#x448;&#x43D;&#x435;&#x433;&#x43E; &#x432;&#x43E;&#x434;&#x43E;&#x441;&#x43D;&#x430;&#x431;&#x436;&#x435;&#x43D;&#x438;&#x44F; &#x438; &#x43A;&#x430;&#x43D;&#x430;&#x43B;&#x438;&#x437;&#x430;&#x446;&#x438;&#x438;.</subfield>
  </datafield>
  <datafield tag="245" ind1=" " ind2=" ">
    <subfield code="c">&#x420;&#x435;&#x434;.&#x420;.&#x41B;.&#x427;&#x435;&#x440;&#x43A;&#x438;&#x43D;&#x441;&#x43A;&#x430;&#x44F;, &#x413;.&#x410;.&#x41B;&#x435;&#x431;&#x435;&#x434;&#x435;&#x432;&#x430;, &#x413;.&#x412;.&#x420;&#x44E;&#x442;&#x438;&#x43D;&#x430;.</subfield>
  </datafield>
  <datafield tag="250" ind1=" " ind2=" ">
    <subfield code="a">&#x418;&#x437;&#x434; 3-&#x435;, &#x43F;&#x435;&#x440;&#x435;&#x440;&#x430;&#x431;. &#x438; &#x434;&#x43E;&#x43F;.</subfield>
  </datafield>
  <datafield tag="260" ind1=" " ind2=" ">
    <subfield code="a">&#x41C;.</subfield>
  </datafield>
  <datafield tag="260" ind1=" " ind2=" ">
    <subfield code="b">&#x421;&#x442;&#x440;&#x43E;&#x439;&#x438;&#x437;&#x434;&#x430;&#x442;.</subfield>
  </datafield>
  <datafield tag="260" ind1=" " ind2=" ">
    <subfield code="c">1978.</subfield>
  </datafield>
  <datafield tag="300" ind1=" " ind2=" ">
    <subfield code="a">572 &#x441;&#x442;&#x440;. 22&#x441;&#x43C;.</subfield>
  </datafield>
  <datafield tag="300" ind1=" " ind2=" ">
    <subfield code="e">412 &#x442;&#x430;&#x431;&#x43B;. 223 &#x440;&#x438;&#x441;.</subfield>
  </datafield>
  <datafield tag="653" ind1=" " ind2=" ">
    <subfield code="a">&#x41C;&#x43E;&#x43D;&#x442;&#x430;&#x436; &#x441;&#x438;&#x441;&#x442;&#x435;&#x43C; &#x432;&#x43D;&#x435;&#x448;&#x43D;&#x435;&#x433;&#x43E; &#x432;&#x43E;&#x434;&#x43E;&#x441;&#x43D;&#x430;&#x431;&#x436;&#x435;&#x43D;&#x438;&#x44F; &#x438; &#x43A;&#x430;&#x43D;&#x430;&#x43B;&#x438;&#x437;&#x430;&#x446;&#x438;&#x438;.</subfield>
  </datafield>
  <datafield tag="942" ind1=" " ind2=" ">
    <subfield code="c">BK</subfield>
  </datafield>
  <datafield tag="999" ind1=" " ind2=" ">
    <subfield code="c">37405</subfield>
    <subfield code="d">37405</subfield>
  </datafield>
  <datafield tag="952" ind1=" " ind2=" ">
    <subfield code="0">0</subfield>
    <subfield code="1">0</subfield>
    <subfield code="4">0</subfield>
    <subfield code="7">0</subfield>
    <subfield code="9">37384</subfield>
    <subfield code="d">2018-12-17</subfield>
    <subfield code="p">10318</subfield>
    <subfield code="r">2018-12-17</subfield>
    <subfield code="w">2018-12-17</subfield>
    <subfield code="y">BK</subfield>
  </datafield>
</record>
